000
00243nam a2200109Ia 4500
999
_c
9381
_d
9381
020
_a
9780684834887
100
_a
Philip Kotler
245
4
_a
The Marketing of Nations
260
_a
New Jersey
_b
Prentice Hall
_c
2001
300
_a
296
942
_c
BK